000
00311nam a22001217a 4500
008
230609b xxu||||| |||| 00| 0 eng d
082
_a
382.4
_b
KEN
245
_a
2006/2007 Supplementary Estimates (Recurrent Expenditure)
260
_a
Nairobi,Kenya
_b
GOK
_c
2007
300
_a
V,542p
440
_v
I
942
_2
ddc
_c
BK
999
_c
891
_d
891